书目信息 |
| 题名: |
张学良与西安事变
|
|
| 作者: | 应德田 著 | |
| 分册: | ||
| 出版信息: | 北京 中华书局 1980 |
|
| 页数: | 215页 | |
| 开本: | 19cm | |
| 丛书名: | ||
| 单 册: | ||
| 中图分类: | K258.05 | |
| 科图分类: | ||
| 主题词: | 中国--近代史--1912-1919 | |
| 电子资源: | ||
| ISBN: | ||
| 000 | 00714nam0 2200265 45 | |
| 001 | 0180000577 | |
| 005 | 20060820082919.09 | |
| 010 | @dCNY0.68 | |
| 091 | @a11018.920 | |
| 100 | @a19950320d1980 em y0chiy0121 ea | |
| 101 | 0 | @achi |
| 102 | @aCN@b110000 | |
| 105 | @af z 000yb | |
| 200 | 10 | @a张学良与西安事变@Azhang xue liang yu xi an shi bian@f应德田著@FYing DeTian Zhu |
| 210 | @a北京@c中华书局@d1980 | |
| 215 | @a215页@c照片@d19cm | |
| 300 | @a内部发行 | |
| 300 | @a中华民国史资料丛稿 | |
| 600 | 0 | @a张学良@x生平事迹 |
| 606 | 0 | @a中国@x近代史@z1912-1919 |
| 690 | @aK258.05@v3 | |
| 701 | 0 | @a应德田@4著 |
| 801 | 0 | @aCN@b上海图书馆@c20060820 |
| 801 | 2 | @aCN@bNLC@c20060510 |
| 905 | @dK258.05@e8 | |
| 张学良与西安事变/应德田著.-北京:中华书局,1980 |
| 215页:照片;19cm |
| 内部发行.-中华民国史资料丛稿 |
| ISBN :CNY0.68 |
| ● |
| 相关链接 |
|
|
|
|
正题名:张学良与西安事变
索取号:K258.05/8
 
预约/预借
| 序号 | 登录号 | 条形码 | 馆藏地/架位号 | 状态 | 备注 |
| 1 | 0067301 | 202119634 | 密集书库/ [索取号:K258.05/8] | 在馆 | |
| 2 | 0067302 | 001291596 | 密集书库/ [索取号:K258.05/8] | 在馆 | |
| 3 | 0067303 | 202310221 | 密集书库/ [索取号:K258.05/8] | 在馆 | |
| 4 | 0067304 | 001284808 | 密集书库/ [索取号:K258.05/8] | 在馆 | |
| 5 | 0067305 | 202310187 | 密集书库/ [索取号:K258.05/8] | 在馆 | |
| 6 | 0067306 | 001291587 | 第二借阅区/ [索取号:K258.05/8] | 在馆 | |
| 7 | 0067307 | 202310230 | 密集书库/ [索取号:K258.05/8] | 在馆 | |
| 8 | 0467062 | 204670622 | 密集书库/ [索取号:K258.05/8] | 在馆 |